Gramática de língua francesa (Registo nº 195119)

Detalhes MARC
000 -Etiqueta do registo
Valores 00422nam 22001453 4500
010 ## - Número ISBN
ISBN 972-47-3186-3
021 ## - Número do Depósito Legal
Número 244201/06
100 ## - Dados gerais de processamento
Dados gerais 20250313d u||y0pory50 ba
200 ## - Titulo e menção de responsabilidade
Título próprio Gramática de língua francesa
Primeira menção de responsabilidade Anne Marie Ferret, Camille Michelle Bourneix
210 ## - Publicação
Local de publicação Lisboa
Nome do editor Texto Editores
Data de publicação 2006
225 ## - Colecção 
Título próprio da colecção Dicionários e auxiliares de línguas
801 ## - Fonte de origem
País PT
Agência BMMN
Regras de catalogação RPC
990 ## - Elementos KOHA
Tipo de documento Livro

Não há exemplares disponíveis.

Powered by Koha